000 00587nam a22001937a 4500
005 20251108165421.0
008 250721s1983 xx 000 0 ara d
082 1 4 _aم/940.53/كار
100 1 _aكارتييه، ريمون
245 1 0 _aالحرب العالمية الثانية /
250 _aط2
264 1 _aبيروت :
_bمؤسسة نوفل،
_c1983.
300 _a2ج : مص
650 1 7 _aالحرب العالمية 1939-1945
700 1 _aسماحه، سهيل
_eترجمة
700 1 _aمسعود، انطوان
_eترجمة
942 _2ddc
_cREF
999 _c27432
_d27432